Win the EU Parliamentary Election - Statistics

General Stats
  • This quiz has been taken 7,375 times
  • The average score is 419 of 705
Answers on the Map
Answers color-coded by a green-red scale on the quiz's map according to % correct below.
 
Answer Stats
# Country % Correct
79 France
96%
96 Germany
96%
59 Spain
90%
76 Italy
88%
52 Poland
80%
21 Sweden
66%
33 Romania
48%
29 Netherlands
42%
13 Ireland
35%
14 Finland
33%
21 Greece
33%
21 Portugal
33%
19 Austria
25%
21 Belgium
25%
14 Denmark
20%
21 Czech Republic
15%
21 Hungary
14%
17 Bulgaria
12%
12 Croatia
8%
7 Estonia
6%
8 Latvia
4%
14 Slovakia
4%
11 Lithuania
3%
6 Luxembourg
3%
6 Cyprus
1%
6 Malta
1%
8 Slovenia
1%
No matching quizzes found
Score Distribution
Percent of People with Each Score
Percentile by Number Answered
Your Score History
You have not taken this quiz